000
00274pam a2200133 a 4500
020
_c
041
_h
082
_b
0036
100
_a
Ram Dawson.
245
_a
How to Paint on Silk
_h
Textual Documents
250
_a
1996.
260
_a
pune:
_b
Search Press.
930
_a
35
999
_c
233825
_d
233825